01537nam a2200361Ia 4500001000700000003000500007008004100012010001100053020009200064040000900156082002300165100002900188245017700217250011400394260005100508300000900559500010800568503004200676504002700718650003500745650005900780700003800839700003600877700003800913700004300951901001600994902000601010910000901016942000601025942000701031999001901038952011801057Z_2607CHAP220113s1977 xx 000 0 und d a165667 a978-84-458-0721-7 (obra completa) \ 978-84-458-02722-4 (Tomo1) \ 978-84-0723-1 (Tomo 2) cCHAP a636.0891 S57 1982e aSisson, Septimus9106700 aSisson y grossman anatomía de los animales domésticos /cSeptimus Sisson y James Daniels Grossman; traducción Martín Roldán, Martín Illera y Layunta Blánquez a5a ed. / Robert Getty ; coordinación editorial Cynthia Ellenport Rosenbaunm, N. G. Ghoshal y Daniel Hillman aBarcelona, España :bElsevier Masson,c1977 a2 v. aTraducción de la obra en inglés: Sisson and Grossman´s The anatomy of the domestic animals, 5a ed. aej.1 T.1: consumo \ ej.1 T.2: consumo aIncluye bibliografía aAnatomía veterinaria9139604 aAnimales domésticosxAnatomía y fisiología95892 a Blánquez, Layunta, tr.9139605 a Illera, Martín, tr. 9139606 a Martín, Roldán, tr. 9139607 aGrossman, James Daniels, aut. 9139608 a581.1343 R8 aM a1977 c1 cc1 c165667d165667 00102ddc4051708GRALaZbZd2005-11-09o636.0891 S57 1982epz_2494r2022-01-18 00:00:00t1w2022-01-18yLIBRO